Statistics for Egypt: Flags of the Governorates

Click here to take the quiz!

General Stats

  • This quiz has been taken 10 times
  • The average score is 12 of 27

Answer Stats

Answer% Correct
Cairo
100%
Giza
100%
Port Said
75%
Alexandria
63%
Asyut
63%
Ismailia
63%
Qena
63%
South Sinai
63%
Beheira
50%
Beni Suef
50%
Luxor
50%
New Valley
50%
Sharqia
50%
Aswan
38%
Gharbia
38%
Minya
38%
Red Sea
38%
Dakhalia
25%
Damietta
25%
Faiyum
25%
Kafr El-Sheikh
25%
Matrouh
25%
Monufia
25%
North Sinai
25%
Qalyubia
25%
Sohag
25%
Suez
25%

Score Distribution

Percentile by Number Answered

Percent of People with Each Score

Your Score History

You have not taken this quiz